000 00597cam a22002173a 4500
001 45665
003 PGUSA
005 20140828084046.0
008 140516s2014||||xxu|||||s|||||000 | eng d
040 _aPGUSA
_beng
042 _adc
100 1 _aCaine, Hall,
_cSir,
_d1853-1931
245 1 0 _aTuhlaajapoika
_h[electronic resource] /
_cHall, Caine
260 _bProject Gutenberg,
_c2014
506 _aPublic domain in the USA.
516 _aElectronic text
700 1 _aAndelin, Väinö
830 0 _aProject Gutenberg
_v45665
856 4 0 _uhttp://www.gutenberg.org/ebooks/45665
942 _cEB
999 _c274915
_d274915